| 000 | 01524nam a22003497a 4500 | ||
|---|---|---|---|
| 999 |
_c28989 _d28960 |
||
| 003 | EG-ScBUE | ||
| 005 | 20201108112259.0 | ||
| 008 | 200219s2010 ua o f b 000 0 ara d | ||
| 017 | _a2010/22266 | ||
| 020 | _a9789774521101 | ||
| 040 |
_aEG-ScBUE _beng _erda _cEG-ScBUE _dEG-ScBUE |
||
| 043 | _af-ua--- | ||
| 082 | 4 |
_a026.962 _bد ف ت _222 |
|
| 245 | 0 | 2 |
_aالدفترخانة : _bدار المحفوظات العمومية / _cتقديم يوسف بطرس غالى، إسماعيل سراج الدين ؛ تحرير خالد عزب ؛ شارك في الإعداد أيمن منصور، محمد السيد حمدي، محمد حجازي. |
| 264 | 1 |
_aالإسكندرية : _bمكتبة الإسكندرية، _c2010. |
|
| 300 |
_a242 صفحة : _bصور ؛ _c30 سم. |
||
| 336 |
_2rdacontent _aنص _btxt |
||
| 337 |
_2rdamedia _aبدون وسيط _bn |
||
| 338 |
_2rdacarrier _aمجلد _bnc |
||
| 490 | 0 |
_aسلسلة ذاكرة مصر المعاصرة ؛ _v10 |
|
| 504 | _aيشتمل على إرجاعات ببليوجرافية. | ||
| 541 |
_aAlex. B. ; _cDonation |
||
| 650 | 7 |
_aالأرشيف والمحفوظات _zمصر. _2BUEsh |
|
| 651 | _2BUEsh | ||
| 700 | 1 |
_aبطرس غالي، يوسف، _d1952- _eمقدم. |
|
| 700 | 1 |
_aسراج الدين، إسماعيل، _d1944- _eمقدم. |
|
| 700 | 1 |
_aعزب، خالد، _eمحرر. |
|
| 700 | 1 |
_aمنصور، أيمن، _eمعد. |
|
| 700 | 1 |
_aحمدي، محمد السيد، _eمعد. |
|
| 700 | 1 |
_aحجازي، محمد، _eمعد. |
|
| 942 | _2ddc | ||